| 000 | 01439cam a2200397 4500 | ||
|---|---|---|---|
| 001 | WB3720-08 | ||
| 008 | 000000n2001 000 0 eng u | ||
| 035 | _a(Sirsi) u112684 | ||
| 245 | _aFinancial Times survey: property | ||
| 260 | _c2001 | ||
| 490 |
_aFinancial Times _v18 May 2001, 1-15(16) LOAN |
||
| 520 | _aA Financial Times quarterly review looking at the structure of the UK property market, town centre property, leasehold reform, urban regeneration, waterfront developments, city living, office parks and industrial property. Includes case studies of London, London Docklands, Paddington Basin, Birmingham, Liverpool, Cardiff Bay, Belfast, Bristol, Newcastle-upon-Tyne, the M25 Corridor, Thames Gateway and Scotland. | ||
| 590 | _aWB | ||
| 650 | _aBELFAST | ||
| 650 | _aBIRMINGHAM | ||
| 650 | _aBRISTOL | ||
| 650 | _aCARDIFF BAY | ||
| 650 | _aPROPERTY-COMMERCIAL PROPERTY | ||
| 650 | _aINDUSTRIAL PROPERTY | ||
| 650 | _aLEASEHOLD REFORM | ||
| 650 | _aLIVERPOOL | ||
| 650 | _aLONDON | ||
| 650 | _aLONDON DOCKLANDS | ||
| 650 | _aM25 CORRIDOR | ||
| 650 | _aNEWCASTLE | ||
| 650 | _aOFFICES | ||
| 650 | _aPADDINGTON BASIN | ||
| 650 | _aREGENERATION | ||
| 650 |
_aRESIDENTIAL PROPERTY _96266 |
||
| 650 | _aSCOTLAND | ||
| 650 | _aTHAMES GATEWAY | ||
| 650 | _aTOWN CENTRES | ||
| 650 | _aWATERFRONT DEVELOPMENTS | ||
| 690 | _aPROPERTY-COMMERCIAL PROPERTY-COMMERCIAL PROPERTY MARKET | ||
| 942 | _n0 | ||
| 999 |
_c67077 _d67077 |
||